00975cam a22002411 4500001001300000003000400013005001700017008004100034010001700075035002000092040001900112050002700131051001700158100004500175245006700220260007100287300003000358501016300388650005000551740004800601830006700649999001700716e 52000039 DLC20260227111234.0830108s1952 dcua 000 0 eng  ae 52000039  a(OCoLC)16764360 aDLCcOrPSdDLC00aL111b.A6 1952, no. 11 aLC4601b.H541 aHill, Arthur S.q(Arthur Stuart),d1902-14aThe forward look;bthe severely retarded child goes to school. a[Washington]bFederal Security Agency, Office of Educationc[1952] avi, 54 p.billus.c23 cm. aCopies 1 and 2 of L111.A6 with: Know your school law / Ward W. Keesecker. Washington : Govt. Print. Off., 1952. Bound together subsequent to publication.5DLC 0aChildren with mental disabilitiesxEducation.0 aThe severely retarded child goes to school. 0aBulletin (United States. Office of Education) ;v1952, no. 11. c22179d22179